Normal view
MARC view
- S. A. Losev
Entry Personal Name
001 - CONTROL NUMBER
- control field: 127163
003 - CONTROL NUMBER IDENTIFIER
- control field: NUST
005 - DATE AND TIME OF LATEST TRANSACTION
- control field: 20241218101104.0
008 - FIXED-LENGTH DATA ELEMENTS
- fixed length control field: 241218|| aca||aabn | a|a d
040 ## - CATALOGING SOURCE
- Original cataloging agency: NUST
- Transcribing agency: NUST
100 ## - HEADING--PERSONAL NAME
- Personal name: S. A. Losev
670 ## - SOURCE DATA FOUND
- Source citation: Work cat.: (NUST)559930: G.G.Chernyi 52164, Physical and Chemical Processes in Gas Dynamics: Physical and chemical kinetics and thermodynamics of Gases and plasmas /, 2004
